Learn about force in action

Bibliographic Details
Main Author: Koay, Mary
Corporate Author: Title
Format: Book
Published: Selangor : Pintar Firus , 2004
Series:Let's learn basic science
Subjects:

MARC

LEADER 00000cam a2200000 7i4500
001 0000007000
005 20151222.0
008 070828
020 |a 9832673259(set) 
020 |a 9832673313 
090 0 0 |a JF   |b SC ENG (7631) 
100 1 |a Koay, Mary 
245 1 0 |a Learn about force in action   |c Mary Koay 
260 |a Selangor :   |b Pintar Firus ,   |c 2004 
440 |a Let's learn basic science 
500 |a Children ages 7-9 years old (orange) 
650 0 |a Force and energy   |x Juvenile literature 
710 0 |a Title 
999 |a 0000951552   |b Book   |c Children Collection   |e Cawangan Tangkak 
999 |a 0000988198   |b Book   |c Children Collection   |e Perbadanan Perpustakaan Awam Johor 
999 |a 0000988199   |b Book   |c Children Collection   |e Cawangan Muar 
999 |a 0000988200   |b Book   |c Children Collection   |e Perbadanan Perpustakaan Awam Johor